<?xml version="1.0" encoding="UTF-8"?><?xml-stylesheet type="text/xsl" href="static/style.xsl"?><OAI-PMH xmlns="http://www.openarchives.org/OAI/2.0/" xmlns:xsi="http://www.w3.org/2001/XMLSchema-instance" xsi:schemaLocation="http://www.openarchives.org/OAI/2.0/ http://www.openarchives.org/OAI/2.0/OAI-PMH.xsd"><responseDate>2026-04-17T04:01:34Z</responseDate><request verb="GetRecord" identifier="oai:riubu.ubu.es:10259/4756" metadataPrefix="marc">https://riubu.ubu.es/oai/request</request><GetRecord><record><header><identifier>oai:riubu.ubu.es:10259/4756</identifier><datestamp>2024-05-14T11:34:58Z</datestamp><setSpec>com_10259_4393</setSpec><setSpec>com_10259_5086</setSpec><setSpec>com_10259_2604</setSpec><setSpec>col_10259_4394</setSpec></header><metadata><record xmlns="http://www.loc.gov/MARC21/slim" xmlns:doc="http://www.lyncode.com/xoai" xmlns:xsi="http://www.w3.org/2001/XMLSchema-instance" xmlns:dcterms="http://purl.org/dc/terms/" xsi:schemaLocation="http://www.loc.gov/MARC21/slim http://www.loc.gov/standards/marcxml/schema/MARC21slim.xsd">
<leader>00925njm 22002777a 4500</leader>
<datafield tag="042" ind1=" " ind2=" ">
<subfield code="a">dc</subfield>
</datafield>
<datafield tag="720" ind1=" " ind2=" ">
<subfield code="a">Simón Martín, Miguel de</subfield>
<subfield code="e">author</subfield>
</datafield>
<datafield tag="720" ind1=" " ind2=" ">
<subfield code="a">Diez Mediavilla, Montserrat</subfield>
<subfield code="e">author</subfield>
</datafield>
<datafield tag="720" ind1=" " ind2=" ">
<subfield code="a">Alonso Tristán, Cristina</subfield>
<subfield code="e">author</subfield>
</datafield>
<datafield tag="260" ind1=" " ind2=" ">
<subfield code="c">2016-12</subfield>
</datafield>
<datafield tag="520" ind1=" " ind2=" ">
<subfield code="a">Among the various methods of measuring diffuse solar irradiance, shadowing devices are ones of the&#xd;
most commonly used in solar research all over the world. These instruments work with a basic pyranometer,&#xd;
properly calibrated for the measurement of solar irradiance, with a shadowing element, which&#xd;
can be a disk or a band (Drummond’s shadow-band), that prevents the direct incidence of solar beam&#xd;
irradiance on the sensor. This method is capable of precise measurements, but sensor outputs have to&#xd;
be corrected, so as to quantify the amount of diffuse irradiance that the band blocks from reaching the&#xd;
sensor. Several authors have advanced different expressions for this correction factor, most of which only&#xd;
apply to horizontal and equator-oriented tilting pyranometers. In this work, we present a general&#xd;
approach to calculate the geometrical correction factor for a tilted sensor, oriented towards all possible&#xd;
azimuth and zenith angles, which permits the measurement of solar diffuse irradiance on any tilted and&#xd;
oriented surfaces. Furthermore, five total correction models are adapted for measurement in any given&#xd;
direction and evaluated on vertical walls pointing the four cardinal directions. Our results show that geometrical&#xd;
correction improves the Mean Bias Difference (MBD), the Root Mean Squared Difference (RMSD)&#xd;
and the l0:99 statistics by 60%, 62% and 56%, respectively, in contrast with the raw data. The LeBaron et al.&#xd;
model gives the most accurate figure for total correction according to MBD, RMSD and l0:99 statistics,&#xd;
with promising average performances of 97%, 91%, and 96%, respectively</subfield>
</datafield>
<datafield tag="024" ind2=" " ind1="8">
<subfield code="a">0038-092X</subfield>
</datafield>
<datafield tag="024" ind2=" " ind1="8">
<subfield code="a">http://hdl.handle.net/10259/4756</subfield>
</datafield>
<datafield tag="024" ind2=" " ind1="8">
<subfield code="a">10.1016/j.solener.2016.09.026</subfield>
</datafield>
<datafield ind1=" " ind2=" " tag="653">
<subfield code="a">Solar diffuse irradiance</subfield>
</datafield>
<datafield ind1=" " ind2=" " tag="653">
<subfield code="a">Shadow-band</subfield>
</datafield>
<datafield ind1=" " ind2=" " tag="653">
<subfield code="a">Instrumentation</subfield>
</datafield>
<datafield ind1=" " ind2=" " tag="653">
<subfield code="a">Correction factor</subfield>
</datafield>
<datafield tag="245" ind1="0" ind2="0">
<subfield code="a">Shadow-band radiometer measurement of diffuse solar irradiance: Calculation of geometrical and total correction factors</subfield>
</datafield>
</record></metadata></record></GetRecord></OAI-PMH>